Hymenophyllaceae (Polypodiopsida) na Mesorregião Metropolitana de Belém, Estado do Pará, Brasil (Registro n. 330450)
[ somente texto ]
| 000 -LÍDER | |
|---|---|
| fixed length control field | 03329nab a2200277 i 4500 |
| 003 - CÓDIGO MARC DA AGÊNCIA CATALOGADORA | |
| Campo de controle | BR-BrBNA |
| 005 - DATA E HORA DA ÚLTIMA ATUALIZAÇÃO | |
| Campo de controle | 20250317100329.0 |
| 008 - CAMPO DE TAMANHO FIXO | |
| fixed length control field | 250317b2015 bl.qr|pooa||| 00| 0 por | |
| 040 ## - FONTE DA CATALOGAÇÃO | |
| Agência catalogadora | BR-BrBNA |
| Idioma da catalogação | por |
| 072 ## - CATEGORIA AGRIS | |
| Código AGRIS | K10 |
| 072 ## - CATEGORIA AGRIS | |
| Código AGRIS | F70 |
| 100 ## - ENTRADA PRINCIPAL - NOME PESSOAL | |
| Nome pessoal | Teixeira, Gisele |
| 100 ## - ENTRADA PRINCIPAL - NOME PESSOAL | |
| Nome pessoal | Pietrobom, Marcio Roberto |
| 245 ## - TÍTULO PRINCIPAL | |
| Título principal | Hymenophyllaceae (Polypodiopsida) na Mesorregião Metropolitana de Belém, Estado do Pará, Brasil |
| 500 ## - NOTA GERAL | |
| Nota geral | Publicação on-line; 39 ref.; 5 illus.; Summaries (En, Pt) |
| 942 ## - ADDED ENTRY ELEMENTS (KOHA) | |
| Koha item type | Analítica |
| 520 ## - NOTA DE RESUMO | |
| Nota de conteúdo | <br/><br/>Resumo<br/><br/>Hymenophyllaceae (Polypodiopsida) na Mesorregião Metropolitana de Belém, estado do Pará, Brasil. No<br/>Brasil, bem como na Amazônia brasileira, a maioria das informações referentes a Hymenophyllaceae está<br/>contida em inventários florísticos, sendo escassos os estudos específicos para esta família. Este trabalho<br/>apresenta o tratamento florístico de Hymenophyllaceae na Mesorregião Metropolitana de Belém. Foram<br/>registradas 19 espécies distribuídas entre os gêneros Didymoglossum (6 spp.), Hymenophyllum (3 spp.),<br/>Polyphlebium (1 sp.) e Trichomanes (9 spp.), o que representa cerca de 60% das himenofiláceas do Pará. As<br/>espécies Trichomanes crispum e Trichomanes vittaria constituem novos registros para a área de estudo. Os<br/>municípios de Belém e Santa Barbara do Pará contabilizaram maior riqueza específica, provavelmente em<br/>decorrência dos parques ecológicos e da concentração de coletas nessas áreas. São apresentadas chaves para<br/>identificação de gêneros e espécies, bem como descrições, comentários taxonômicos, dados de distribuição<br/>geográfica, tipo de vegetação, substrato e ilustrações.<br/><br/>Palavras-chave: Amazônia brasileira, samambaias, Didymoglossum, Trichomanes.<br/><br/><br/><br/><br/>Abstract<br/><br/>Hymenophyllaceae (Polypodiopsida) from the Metropolitan Mesoregion of Belém, State of Pará, Brazil. In<br/>Brazil as well as in the Brazilian Amazon, most information regarding to Hymenophyllaceae is contained in<br/>floristic surveys and there are few specific studies to the family. This work presents a floristic treatment of<br/>filmy ferns from Metropolitan Mesoregion of Belem. We recorded 19 species belonging to the genera Didymo glossum (6 spp.), <br/>Hymenophyllum (3 spp.), Polyphlebium (1 sp.) and Trichomanes (9 spp.) that correspond to<br/>about 60% of filmy ferns from Pará. Trichomanes crispum and T. vittaria are new records to the studied area.<br/>The cities of Belém and Santa Barbara do Pará have greater species richness probably due to the ecological<br/>parks and to concentrate studies in these areas. Keys to the genera and species as well as descriptions, taxonomic <br/>comments, geographic distributions data, types of vegetation, substratum and illustrations are given.<br/><br/>Key words: Brazilian Amazon, ferns, Didymoglossum, Trichomanes. |
| 650 ## - ASSUNTO - THESAGRO | |
| Cabeçalho tópico ou nome geográfico | AMAZÔNIA BRASILEIRA |
| 650 ## - ASSUNTO - THESAGRO | |
| Cabeçalho tópico ou nome geográfico | SAMAMBAIA |
| 650 ## - ASSUNTO - THESAGRO | |
| Cabeçalho tópico ou nome geográfico | TAXONOMIA |
| 650 ## - ASSUNTO - THESAGRO | |
| Cabeçalho tópico ou nome geográfico | INVENTÁRIO FLORESTAL |
| 650 ## - ASSUNTO - THESAGRO | |
| Cabeçalho tópico ou nome geográfico | COMPOSIÇÃO BOTÂNICA |
| 773 0# - ENTRADA ANALÍTICA | |
| Host Biblionumber | 709 |
| Registro do item | 349058 |
| Imprenta | Rio de Janeiro-RJ Jardim Botanico do Rio de Janeiro 1935 |
| Outro identificador | 2025-1576 |
| Título | Rodriguésia (Brazil) |
| ISSN | 0370-6583; 2175-7860 on-line |
| Colação | v. 66(3) p. 807-827; (2015) |
| Número de controle de registro | BR2025000211 |
| 856 ## - ACESSO E ENDEREÇO ELETRÔNICO | |
| Identificador uniforme de recurso - URI | https://www.scielo.br/j/rod/a/VRsrZGw6hxmrqkzF949Tz5b/?format=pdf&lang=pt |
Nenhum exemplar disponível.

BINAGRI